000
00314nam a2200133Ia 4500
008
240624s9999 xx 000 0 und d
041
_a
eng
082
_a
519.5 IAC
100
_a
IACOBUCCI DAWN
245
_a
MEDIATION ANALYSIS VOLUME 156
260
_c
2008
_a
New Delhi
_b
Sage
300
_a
104 p.
365
_c
_b
32
999
_c
30198
_d
30198